| 000 -LEADER |
| fixed length control field |
01298nam a2200241Ia 4500 |
| 001 - CONTROL NUMBER |
| control field |
16279 |
| 003 - CONTROL NUMBER IDENTIFIER |
| control field |
GE_BSU |
| 008 - FIXED-LENGTH DATA ELEMENTS--GENERAL INFORMATION |
| fixed length control field |
181216s||||||||xx |||||||||||||| ||und|| |
| 020 ## - INTERNATIONAL STANDARD BOOK NUMBER |
| International Standard Book Number |
ISBN 978-994-0-4055-9 |
| 040 ## - CATALOGING SOURCE |
| Transcribing agency |
GE_BSU |
| 080 ## - UNIVERSAL DECIMAL CLASSIFICATION NUMBER |
| Universal Decimal Classification number |
347(072) |
| 245 ## - TITLE STATEMENT |
| Title |
სამოქალაქო სამართალი |
| 245 ## - TITLE STATEMENT |
| Remainder of title |
შესავალი სამოქალაქო სამართლის ზოგად ნაწილში) (სასწ.-მეთოდ. მასალა ცოდნის შემოწმებისათვის) |
| 245 ## - TITLE STATEMENT |
| Statement of responsibility, etc. |
შემდგ.: ქეთევან კვიცარიძე, მანანა მიქიაშვილი, ოთარ გორგიშელი [და სხვ.] ; რედ. თამარ გარდაფხაძე ; წინასიტყვ. ია ხარაზი |
| 260 ## - PUBLICATION, DISTRIBUTION, ETC. |
| Place of publication, distribution, etc. |
თბილისი |
| 260 ## - PUBLICATION, DISTRIBUTION, ETC. |
| Name of publisher, distributor, etc. |
გეორგიკა |
| 260 ## - PUBLICATION, DISTRIBUTION, ETC. |
| Date of publication, distribution, etc. |
2012 |
| 300 ## - PHYSICAL DESCRIPTION |
| Extent |
206გვ. ; 20სმ.. - დანართი: გვ. 120-204 |
| 653 ## - INDEX TERM--UNCONTROLLED |
| Uncontrolled term |
სამართალი |
| 653 ## - INDEX TERM--UNCONTROLLED |
| Uncontrolled term |
სამოქალაქო სამართალი - მეთოდური სახელმძღვანელოები; |
| 942 ## - ADDED ENTRY ELEMENTS (KOHA) |
| Koha item type |
წიგნი |